000
00358nam a2200157Ia 4500
008
170705s9999 xx 000 0 und d
020
_a
9780590444552
245
_a
Big Al /
245
_c
Andrew Clements.
260
_a
New York :
260
_b
Scholastic,
300
_a
unpaged :
300
_b
color illustration ;
300
_c
22cm.
500
_a
880
999
_c
336481
_d
336481